Farming simulator brands - Statistics

General Stats
  • This quiz has been taken 252 times
  • The average score is 4 of 10
Answer Stats
Answer % Correct
1 John Deere
91%
5 New holland
79%
4 Fendt
69%
2 Case IH
60%
3 Massy ferguson
51%
6 Lizard
35%
7 JCB
31%
10 Amazone
8%
9 Horsch
6%
8 Capello
2%
No matching quizzes found
Score Distribution
Percent of People with Each Score
Percentile by Number Answered
Your Score History
You have not taken this quiz